Christian Music 3 - Statistics

General Stats
  • This quiz has been taken 51 times
  • The average score is 11 of 20
Answer Stats
Song Artist % Correct
That's Who I Praise Brandon Lake
90%
Holy Forever Chris Tomlin
90%
Praise Elevation Worship
81%
Don't Stop Praying Matthew West
71%
Nothin' Sweeter TobyMac
69%
Good Day Forrest Frank
67%
Take It All Back Tauren Wells
67%
That's My King CeCe Winans
64%
The Jesus Way Phil Wickham
64%
Strong Anne Wilson
62%
Somebody Prayed Crowder
57%
These Days Jeremy Camp
55%
These Are the Days Lauren Daigle
52%
Any More Cain
50%
What Are We Waiting For? For King And Country
48%
Jordans Blessing Offor
31%
I Got You Danny Gokey
19%
King Jesus KB
19%
Have Me Hulvey
7%
Mercy Trip Lee
7%
No matching quizzes found
Score Distribution
Percent of People with Each Score
Percentile by Number Answered
Your Score History
You have not taken this quiz